| 000 | 01009cab a2200229 4500 | ||
|---|---|---|---|
| 001 | ##L134124 | ||
| 008 | 060712n2006 000 0 eng u | ||
| 035 | _a(Sirsi) u134124 | ||
| 041 | 0 | _aeng | |
| 100 | 1 | _aWard, Charles | |
| 245 | 0 | 2 | _aA contest without frontiers |
| 260 | _c2006 | ||
| 490 | 0 |
_aEstates Gazette _v(0627) 8 July 2006, 230-231(2) |
|
| 520 | _aThis article in the "Mainly for students" series looks at the European procurement rules to which all European public authorities and utilities must conform when purchasing works, supplies or services. Prospective contractors must understand and fulfil these requirements to be taken seriously in the bidding. Elucidates the aims and application of this legislation and the stages of the procurement process. | ||
| 590 | _aIKA180706 | ||
| 650 | 2 | 4 | _aPUBLIC CONTRACTS REGULATIONS 2006 |
| 650 | 2 | 4 | _aUTILITIES CONTRACTS REGULATIONS 2006 |
| 650 | 2 | 4 | _aDIRECTIVE 2004/18/EC |
| 651 | 4 | _aEUROPEAN | |
| 690 |
_aProcurement _96260 |
||
| 942 | _n0 | ||
| 999 |
_c77382 _d77382 |
||